000 00991nam0a2200265 4500
001 RU\NLR\BIBL_A\012113577
005 20250128194045.0
010 _a978-5-905228-27-8
_9500
021 _aRU
_bКН-П-19-009532
_9КН-П-19-0710
035 _a(NLR Aleph) 012113577
090 _a13297523
_c13297523
100 _a20191007d2019 m y0rusy50 ca
101 0 _asah
102 _aRU
105 _aa z 000 y
200 1 _aАйыы үөрэҕин төрүтэ
_eыйынньык
_f[консультант, ред.: Л. А. Афанасьев-Тэрис
_gхомуйан оҥордо: Ю. Г. Холмогорова
_gред.: И. Е. Лукина-Уйусхаана]
210 _aДьокуусай
_cБичик
_d2019
215 _a141 с.
_cил.
_d26
541 1 _aОсновы учения Айыы
686 1 _aЭ391.9
702 1 _aХолмогорова
_bЮ. Г.
_gЮлия Георгиевна
_4220
852 _aNLR
_bОНЛ
_jЯкут./4-365
942 _cBOOK
980 _aNB